000 00704nam a22001697a 4500
003 UA-OsUOA
001 17522
007 ta
008 20040313b un ||||| |||| 00| 0 ukr d
942 _cSA
040 _aUA-OsUOA
_cUA-OsUOA
_dUA-OsUOA
245 _aОфіс майбутнього: відчуй подих завтрашнього дня: [У Рівнен. палаці культури "Хімік" відкрилася сьома спеціаліз. вист. "Комп'ютер, Офіс, Зв'язок": "Поліграфія та реклама"]
300 _aС.6
955 _a0
773 0 _w0
_tОго
_dРівне
_d2004
_g№30
650 7 _aВиставки
_2UDC
999 _c303690
_d303690